000 01719 a2200229 4500
001 54398
005 20260407155817.0
008 260407a1997 arg spa d
003 AR-UNSa-BCEJYS
040 _aAR-UNSa-BCEJYS
_bspa
_cAR-UNSa-BCEJYS
080 _a327
_xRelaciones internacionales. Política internacional. Asuntos internacionales. Política exterior
245 1 0 _aEl extremismo político en Alemania
020 _a84-7432-637-0
264 1 _aBarcelona :
_bGedisa
_c1997
300 _a356 p.
_c20 cm.
505 _a1. El desempleo y los éxitos electorales del nacionalsocialismo – 2. ¿”Propensión” de los empleados – “Inmunidad” de los obreros? Mitos sobre los votantes del NSDAP – 3. ¿Fue el NSDAP el primer partido popular alemán? – 4. Los “caídos de marzo” de 1933. Nuevos resultados de la investigación sobre el cambio social en el NSDAP como consecuencia de la “toma del poder” – 5. La hipótesis de la historia. ¿Cuántos nacionalsocialismos convencidos hubo? – 6. Viejas y nuevas orientaciones de los partidos: las elecciones federales de 1949. Entre la continuidad y un nuevo comienzo – 7. La base popular de la extrema derecha en Europa: un análisis comparativo – 8. Conflictos políticos, comportamiento electoral y estructura de la competencia partidista – 9. Los votantes del PDS en las elecciones federales de 1994. Entre la ideología, la nostalgia y la protesta – 10. Siglas de los partidos políticos – 11. Títulos de los originales alemanes y lugar de su publicación.
942 _cBK
590 _aniveau_biblio:m niveau_hierar:0
100 1 _aFalter, Jürgen W.
700 1 _aGarzón Valdés, Ernesto
700 1 _aZimmerling, Ruth
999 _c5555
_d5555